|
|
|
|
| LEADER |
00000cam a2200000 7i4500 |
| 001 |
0000005940 |
| 005 |
20150416093000.0 |
| 008 |
021119s1999 at eng |
| 020 |
|
|
|a 0752006908
|
| 050 |
0 |
0 |
|a d41 KD466
|b .B55 1999 r
|
| 090 |
0 |
0 |
|a d41 KD466
|b .B55 1999 r
|
| 100 |
1 |
|
|a Billins, Roger ,
|e author
|
| 245 |
1 |
0 |
|a Solicitor's duties and liabilities
|c by Roger Billins
|
| 260 |
|
|
|a London :
|b Sweet & Maxwell ,
|c c1999
|
| 300 |
|
|
|a xli, 289 p. ;
|c 25cm.
|
| 500 |
|
|
|a Includes index
|
| 650 |
|
0 |
|a Attorney and client
|z Great Britain
|
| 650 |
|
0 |
|a Lawyers
|z Great Britain
|
| 650 |
|
0 |
|a Practice of law
|z Great Britain
|
| 650 |
|
0 |
|a Third parties (Law)
|z Great Britain
|
| 999 |
|
|
|a 1000105496
|b Book
|c Reference
|e Gong Badak Campus
|